[Event "Haarlem Masters 2016"]
[Site "Haarlem NED"]
[Date "2016.10.19"]
[Round "5.2"]
[White "Warmerdam, Max"]
[Black "De Jager, Jaap"]
[Result "1/2-1/2"]
[WhiteTitle "FM"]
[BlackTitle "FM"]
[WhiteElo "2388"]
[BlackElo "2417"]
[WhiteFideId "1048104"]
[BlackFideId "1002830"]
[EventDate "2016.10.15"]

1. e4 d5 2. exd5 Nf6 3. Bb5+ Nbd7 4. d4 Nxd5 5. c4 Nf6 6. Nf3 c6 7. Ba4 g6 8.
O-O Bg7 9. h3 O-O 10. Nc3 Qc7 11. Re1 Re8 12. Bg5 b6 13. Qd2 Ba6 14. Bf4 Qb7 15.
Bb3 Rad8 16. Qc2 b5 17. cxb5 Bxb5 18. Rac1 Rc8 19. Qd2 Nb6 20. Bh6 Bc4 21. Bxg7
Kxg7 22. Na4 Bxb3 23. Nc5 Qb8 24. Nxb3 Qd6 25. Rc5 Rc7 26. Ne5 Nfd7 27. Ng4 Nd5
28. Ra5 Rd8 29. Rc1 h5 30. Nh2 Nf4 31. Nf3 Ne6 32. Ra6 Nf6 33. Qa5 Ra8 34. Qe5
Rd8 35. Rc4 Kg8 36. Na5 Qd5 37. Qxd5 Nxd5 38. Rcxc6 Rb8 39. Rxc7 Nexc7 40. Rxa7
Rxb2 41. a4 f6 42. Nb7 g5 43. Nc5 Rb1+ 44. Kh2 Rb2 45. Nd3 Ra2 46. Ra5 Kf7 47.
Nfe1 Nb6 48. Ra7 Ne6 49. a5 Nc8 50. Ra8 Nb6 51. Ra7 Nc8 52. Ra8 Nb6 53. Ra7 1/2-1/2

[Event "Haarlem Masters 2016"]
[Site "Haarlem NED"]
[Date "2016.10.19"]
[Round "5.3"]
[White "Hopman, Pieter"]
[Black "Willemze, Thomas"]
[Result "0-1"]
[WhiteTitle "FM"]
[BlackTitle "IM"]
[WhiteElo "2354"]
[BlackElo "2401"]
[WhiteFideId "1005669"]
[BlackFideId "1007238"]
[EventDate "2016.10.15"]

1. d4 Nf6 2. c4 e6 3. Nf3 d5 4. Nc3 Bb4 5. Qb3 c5 6. Bd2 Nc6 7. cxd5 exd5 8. a3
c4 9. Qc2 Bxc3 10. Bxc3 Ne4 11. g3 O-O 12. Bg2 Re8 13. O-O Qf6 14. Rae1 Bf5 15.
Qd1 Rad8 16. a4 a6 17. Nd2 b5 18. axb5 axb5 19. Nxe4 Bxe4 20. f3 Bg6 21. e4 b4
22. e5 Qe7 23. Bd2 Bd3 24. Rf2 Nxd4 25. Bf1 Nc2 26. Bxd3 Nxe1 27. Bxe1 cxd3 28.
f4 f6 29. Qxd3 fxe5 30. fxe5 Qxe5 31. Bxb4 Qe4 32. Qd2 h6 33. Bc5 Ra8 34. Rf1
Re6 35. Rd1 Kh8 36. Bd4 Kh7 37. Qc3 Rea6 38. b4 Ra2 39. Bf2 Rc2 40. Qd3 Qxd3 41.
Rxd3 Raa2 42. Rf3 Rab2 43. Rf4 g5 44. Rf5 Kg6 0-1

[Event "Haarlem Masters 2016"]
[Site "Haarlem NED"]
[Date "2016.10.19"]
[Round "5.4"]
[White "L'Ami, Alina"]
[Black "Warakomska, Anna"]
[Result "1/2-1/2"]
[WhiteTitle "IM"]
[BlackTitle "WIM"]
[WhiteElo "2322"]
[BlackElo "2365"]
[WhiteFideId "1210246"]
[BlackFideId "1130790"]
[EventDate "2016.10.15"]

1. d4 d5 2. c4 c6 3. Nf3 Nf6 4. Nc3 dxc4 5. a4 Bf5 6. Ne5 Nbd7 7. Nxc4 Nb6 8. e3
Nxc4 9. Bxc4 e6 10. a5 Bb4 11. Qb3 Bxa5 12. Qxb7 O-O 13. O-O Qb6 14. Qxb6 axb6
15. f3 b5 16. Bb3 Bb6 17. Rxa8 Rxa8 18. Rd1 Rd8 19. Kf1 Bg6 20. Ne2 c5 21. dxc5
Rxd1+ 22. Bxd1 Bxc5 23. e4 Nd7 24. Nc3 b4 25. Na4 Bd6 26. h3 f5 27. Bb3 Bf7 28.
Ke2 fxe4 29. fxe4 Kf8 30. Be3 Ke7 31. Bg5+ Ke8 32. Bc4 h6 33. Bh4 g5 34. Bf2 Ke7
35. h4 Bg6 36. hxg5 hxg5 37. Bd3 Kf6 38. Bd4+ Be5 39. Ke3 Bh5 40. Bb5 Bxd4+ 41.
Kxd4 Ne5 42. Nc5 Bd1 43. Na6 b3 44. Nc5 g4 45. Ke3 Ke7 46. Kf4 Ng6+ 47. Ke3 Kd6
48. Nd3 Ne5 49. Nf2 Bc2 50. Be2 g3 51. Nh1 Nd7 52. Nxg3 Nc5 53. Bb5 Ke5 54. Ne2
Bxe4 55. g4 Bd5 56. Nc3 Bb7 57. Bc4 Bc6 58. Ne2 Na4 59. Bxb3 Nxb2 60. g5 Bd5 61.
g6 Kf6 62. Bc2 Nc4+ 63. Kd4 Nd6 64. Nf4 Kg7 65. Nh5+ Kg8 66. Ke5 Ne8 67. Ba4 Kf8
68. Bd7 Ng7 69. Nf4 Ke7 70. Bc8 Ba2 71. Bb7 1/2-1/2

[Event "Haarlem Masters 2016"]
[Site "Haarlem NED"]
[Date "2016.10.19"]
[Round "5.5"]
[White "Lopez, Jasel"]
[Black "Umudova, Nargiz"]
[Result "0-1"]
[WhiteTitle "FM"]
[BlackTitle "WGM"]
[WhiteElo "2233"]
[BlackElo "2267"]
[WhiteFideId "15900045"]
[BlackFideId "13402137"]
[EventDate "2016.10.15"]

1. d4 Nf6 2. c4 e6 3. Nc3 Bb4 4. e3 O-O 5. Ne2 d5 6. cxd5 exd5 7. g3 Re8 8. Bg2
c6 9. O-O Nbd7 10. f3 Nf8 11. e4 dxe4 12. fxe4 Bg4 13. Bg5 Be7 14. e5 N6d7 15.
Bxe7 Rxe7 16. h3 Bh5 17. g4 Bg6 18. Nf4 Nb6 19. Nxg6 Nxg6 20. Rf2 Nc4 21. Ne4
Ne3 22. Qd2 Nxg2 23. Rxg2 Qd5 24. Nc3 Qf3 25. Rf1 Nh4 26. Rh2 Qg3+ 27. Kh1 Nf3
28. Rxf3 Qxf3+ 29. Kg1 Rd8 30. Rf2 Qxh3 31. Qf4 Qd3 32. d5 cxd5 33. Rd2 Qa6 34.
Nxd5 Red7 35. Qg5 Kf8 36. Qf5 Qe6 37. Qxe6 fxe6 38. Rf2+ Rf7 39. Nf4 Ke7 0-1

[Event "Haarlem Masters 2016"]
[Site "Haarlem NED"]
[Date "2016.10.20"]
[Round "6.1"]
[White "Willemze, Thomas"]
[Black "Warmerdam, Max"]
[Result "1/2-1/2"]
[WhiteTitle "IM"]
[BlackTitle "FM"]
[WhiteElo "2401"]
[BlackElo "2388"]
[WhiteFideId "1007238"]
[BlackFideId "1048104"]
[EventDate "2016.10.15"]

1. e4 e5 2. Nf3 Nc6 3. Bc4 Nf6 4. d3 Be7 5. Bb3 O-O 6. O-O d6 7. c3 Na5 8. Bc2
c5 9. h3 Nc6 10. Re1 Be6 11. Nbd2 h6 12. Nf1 Re8 13. Ng3 Bf8 14. Nh2 g6 15. Bb3
Bg7 16. Be3 Qd7 17. Rf1 b6 18. Bxe6 Rxe6 19. Qd2 Kh7 20. h4 h5 21. Nf3 Re7 22.
Bg5 1/2-1/2

[Event "Haarlem Masters 2016"]
[Site "Haarlem NED"]
[Date "2016.10.20"]
[Round "6.2"]
[White "Umudova, Nargiz"]
[Black "L'Ami, Alina"]
[Result "0-1"]
[WhiteTitle "WGM"]
[BlackTitle "IM"]
[WhiteElo "2267"]
[BlackElo "2322"]
[WhiteFideId "13402137"]
[BlackFideId "1210246"]
[EventDate "2016.10.15"]

1. e4 c5 2. Nf3 d6 3. Bb5+ Bd7 4. Bxd7+ Qxd7 5. O-O Nf6 6. Re1 Nc6 7. c3 e6 8.
d4 cxd4 9. cxd4 d5 10. e5 Ne4 11. Nbd2 Nxd2 12. Bxd2 Bb4 13. Rc1 Bxd2 14. Qxd2
O-O 15. h4 Rfc8 16. h5 h6 17. Rc3 Ne7 18. Rb3 Rc4 19. g4 Rac8 20. g5 Nf5 21. Qf4
Qe7 22. Rd3 hxg5 23. Qg4 Nh6 24. Qxg5 Qxg5+ 25. Nxg5 Nf5 26. Nf3 Rc2 27. Rb3 b6
28. Kf1 Kf8 29. Rd1 Ke7 30. a4 Rc1 31. Rxc1 Rxc1+ 32. Kg2 Ra1 33. Ra3 Rxa3 34.
bxa3 Kd7 35. Kf1 Kc6 36. Ke2 b5 37. Kd3 bxa4 38. Kc3 a5 39. Ne1 Ne7 40. Nf3 Kd7
41. Ne1 Nc8 42. Nc2 Ke7 43. Kd3 Nb6 44. Ne3 Kf8 45. f4 Kg8 46. f5 Kh7 47. fxe6
fxe6 48. Ng2 Na8 49. Nf4 Nc7 50. Ne2 Kh6 51. Nc3 Kxh5 52. Nxa4 g5 53. Nc5 Kh4
54. Ke2 Kh3 55. Kf2 g4 56. Kg1 Kg3 57. a4 Kf4 58. Kf2 Kf5 59. Nb3 Na8 60. Nxa5
Nb6 61. Nb7 Nxa4 62. Kg3 Nc3 63. Nd6+ Kg5 64. Nf7+ Kg6 65. Nd8 Kf5 66. Kf2 Nb5
67. Ke3 g3 68. Nc6 g2 69. Kf2 Ke4 70. Nb8 Nxd4 71. Nd7 g1=Q+ 72. Kxg1 Nf3+ 73.
Kf2 Nxe5 74. Nc5+ Kf5 75. Ke3 Nc6 76. Na6 e5 77. Nc7 d4+ 78. Kd3 e4+ 79. Ke2 Ke5
80. Na6 d3+ 81. Ke3 Ne7 82. Nb8 Nd5+ 83. Kd2 Kd6 84. Na6 Kc6 85. Nb8+ Kc7 86.
Na6+ Kb6 87. Nb8 Nf6 0-1

[Event "Haarlem Masters 2016"]
[Site "Haarlem NED"]
[Date "2016.10.20"]
[Round "6.3"]
[White "Bosboom, Manuel"]
[Black "Warakomska, Anna"]
[Result "1/2-1/2"]
[WhiteTitle "IM"]
[BlackTitle "WIM"]
[WhiteElo "2397"]
[BlackElo "2365"]
[WhiteFideId "1000080"]
[BlackFideId "1130790"]
[EventDate "2016.10.15"]

1. e4 c5 2. Nf3 e6 3. d3 Nc6 4. g3 Nf6 5. Bg2 Be7 6. O-O O-O 7. Re1 d6 8. c3 Bd7
9. Nbd2 Qc7 10. a3 Ne5 11. Qe2 Rac8 12. a4 b6 13. Nxe5 dxe5 14. Nc4 Ne8 15. f4
f6 16. fxe5 fxe5 17. Bd2 Bf6 18. Rf1 Nd6 19. Ne3 1/2-1/2

[Event "Haarlem Masters 2016"]
[Site "Haarlem NED"]
[Date "2016.10.20"]
[Round "6.4"]
[White "De Jager, Jaap"]
[Black "Lopez, Jasel"]
[Result "1/2-1/2"]
[WhiteTitle "FM"]
[BlackTitle "FM"]
[WhiteElo "2417"]
[BlackElo "2233"]
[WhiteFideId "1002830"]
[BlackFideId "15900045"]
[EventDate "2016.10.15"]

1. Nf3 d5 2. c4 c6 3. e3 Nf6 4. Nc3 e6 5. b3 Nbd7 6. Qc2 a6 7. Bb2 Bd6 8. Rg1
Qe7 9. g4 h5 10. h3 hxg4 11. hxg4 Ne5 12. Nxe5 Bxe5 13. g5 Nd7 14. f4 Bd6 15.
O-O-O b5 16. cxd5 cxd5 17. Kb1 Bb7 18. Bg2 Rh2 19. Ne2 Rc8 20. Qd3 f6 21. gxf6
gxf6 22. Bf3 Kd8 23. Rh1 Rxh1 24. Rxh1 f5 25. Nd4 Kc7 26. Rh6 Nf8 27. Qe2 Ba3
28. Bxa3 Qxa3 29. Qxb5 Kb8 30. Qf1 a5 31. Be2 a4 32. Qd1 axb3 33. Nxb3 Ba6 34.
Bxa6 Qxa6 35. d4 Nd7 36. Rh2 Rc3 37. Rh8+ Kc7 38. Rh7 Kd6 39. Qd2 Qf1+ 40. Kb2
Rc4 41. Qa5 Qe2+ 42. Ka3 Qxe3 43. Qb5 Rc6 44. Qb7 Rc7 45. Qb4+ Kc6 46. Qa4+ Kd6
47. Qb4+ 1/2-1/2

[Event "Haarlem Masters 2016"]
[Site "Haarlem NED"]
[Date "2016.10.20"]
[Round "6.5"]
[White "Schippers, Maurice"]
[Black "Hopman, Pieter"]
[Result "1-0"]
[BlackTitle "FM"]
[WhiteElo "2266"]
[BlackElo "2354"]
[WhiteFideId "1004735"]
[BlackFideId "1005669"]
[EventDate "2016.10.15"]

1. e4 d6 2. d4 Nf6 3. Nc3 e5 4. Nf3 Nbd7 5. Bc4 Be7 6. a4 O-O 7. O-O a6 8. a5
exd4 9. Qxd4 b5 10. axb6 Nxb6 11. Ba2 Bb7 12. Re1 Nfd7 13. Bf4 Nc5 14. Rad1 Ne6
15. Qe3 Nxf4 16. Qxf4 Rb8 17. Nd4 Bf6 18. Nf5 Be5 19. Qg4 Bc8 20. Rd3 Qf6 21.
Ne2 g6 22. f4 Bxb2 23. Nh6+ Kg7 24. f5 Kxh6 25. Nf4 Qe7 26. Rh3+ Kg7 27. Rxh7+
Kxh7 28. Nxg6 Qe8 29. Nf4 Rg8 30. Qh4+ Kg7 31. f6+ Bxf6 32. Nh5+ Kf8 33. Nxf6
Qd8 34. Rf1 d5 35. Qh6+ Ke7 36. exd5 Rg6 37. Qh4 Rxf6 38. Rxf6 Qf8 39. Rxb6+ Kd7
40. Rxb8 1-0

[Event "Haarlem Masters 2016"]
[Site "Haarlem NED"]
[Date "2016.10.21"]
[Round "7.1"]
[White "L'Ami, Alina"]
[Black "De Jager, Jaap"]
[Result "1/2-1/2"]
[WhiteTitle "IM"]
[BlackTitle "FM"]
[WhiteElo "2322"]
[BlackElo "2417"]
[WhiteFideId "1210246"]
[BlackFideId "1002830"]
[EventDate "2016.10.15"]

1. d4 e6 2. c4 b6 3. e4 Bb7 4. Bd3 Bb4+ 5. Kf1 Be7 6. Nc3 d6 7. Be3 Nd7 8. f4 c5
9. d5 exd5 10. exd5 Ngf6 11. Nf3 a6 12. a4 O-O 13. Qc2 Re8 14. Rg1 h5 15. h3 h4
16. g4 hxg3 17. Rxg3 Nh5 18. Rg4 Nf8 19. Kf2 b5 20. b3 bxc4 21. bxc4 Bf6 22.
Rag1 Rxe3 23. Kxe3 Bc8 24. f5 Rb8 25. Ne4 Rb2 26. Qc1 Rb3 27. Rg5 Bxg5+ 28. Rxg5
g6 29. Rxh5 gxh5 30. Qg1+ Ng6 31. fxg6 f5 32. Nf2 Qe7+ 33. Kf4 Rxd3 34. Nxd3
Qe4+ 35. Kg3 Qxd3 36. Qe1 f4+ 37. Kxf4 Qf5+ 38. Ke3 Qxg6 39. Qg1 Qxg1+ 40. Nxg1
a5 41. h4 Bd7 42. Ne2 Bxa4 43. Ng3 Bc2 44. Nxh5 Kf7 45. Kd2 Bb1 46. Nf4 Kf6 47.
Kc3 a4 48. h5 a3 49. h6 Ba2 50. h7 Kg7 51. Ne6+ Kxh7 52. Nxc5 Kg6 53. Nb3 Bb1
54. Nd2 a2 55. Kb2 Bf5 56. Kxa2 Kf6 57. Kb3 Ke5 58. Nf3+ Ke4 59. Ng5+ Kd4 60.
Ne6+ Ke5 61. Nd8 Bg6 62. Kb4 Be8 63. Nc6+ Ke4 64. Nd8 Ke5 65. Ne6 Bf7 66. Nc7
Kd4 67. Kb5 Bh5 68. Ne6+ Ke5 69. Nd8 Be8+ 70. Nc6+ Ke4 71. Kb6 Bf7 72. Ne7 Kd4
73. Kb5 Be8+ 74. Kb4 Ke5 75. Nc8 Bd7 76. Na7 Be8 77. Kc3 Bf7 78. Nc6+ Ke4 79.
Ne7 Ke5 80. Kd3 Kf6 81. Nc6 Bg8 82. Kd4 Bf7 83. Kc3 Kf5 84. Kb4 Ke4 85. Ne7 Be8
86. Nc8 Ke5 87. Ka5 Bf7 88. Ne7 Kd4 89. Kb5 Be8+ 90. Nc6+ Ke4 91. Kb6 Bf7 92.
Ne7 Kd4 93. Kb5 Be8+ 94. Kb4 Bf7 95. Kb3 Be8 96. Nc6+ Ke4 97. Kc3 Bf7 98. Nb4
Bg8 99. Kb3 Kd4 100. Nc6+ Ke4 101. Ne7 Bf7 102. Kb4 Be8 103. Nc8 Ke5 104. Ka5
Bf7 105. Ne7 Kd4 106. Kb4 Be8 107. Nc6+ Ke4 108. Kb5 Bf7 109. Ne7 Be8+ 110. Kb6
Kd4 111. Nf5+ Kxc4 112. Nxd6+ Kxd5 113. Nxe8 1/2-1/2

[Event "Haarlem Masters 2016"]
[Site "Haarlem NED"]
[Date "2016.10.21"]
[Round "7.2"]
[White "Lopez, Jasel"]
[Black "Willemze, Thomas"]
[Result "1-0"]
[WhiteTitle "FM"]
[BlackTitle "IM"]
[WhiteElo "2233"]
[BlackElo "2401"]
[WhiteFideId "15900045"]
[BlackFideId "1007238"]
[EventDate "2016.10.15"]

1. d4 Nf6 2. c4 e6 3. Nc3 Bb4 4. Nf3 d5 5. Qa4+ Nc6 6. a3 Bxc3+ 7. bxc3 Bd7 8.
cxd5 exd5 9. Bg5 h6 10. Bh4 O-O 11. Qc2 Bg4 12. Ne5 Nxe5 13. dxe5 g5 14. exf6
gxh4 15. Qa4 d4 16. Qxd4 Qxd4 17. cxd4 Rad8 18. e3 Rfe8 19. f3 Bc8 20. Kf2 Re6
21. Rc1 c6 22. h3 Rxf6 23. Bd3 Bf5 24. Rhd1 Bxd3 25. Rxd3 Rd5 26. Rb3 b6 27. Rc2
Rg6 28. Rbc3 Rdd6 29. Rc4 Kf8 30. Ra4 Rd7 31. Ra6 f5 32. a4 Rdg7 33. Kf1 Re7 34.
a5 Rxe3 35. axb6 axb6 36. Rxb6 Ree6 37. Rc5 Rgf6 38. Re5 Kf7 39. Kf2 f4 40. Re4
Ke7 41. Rxc6 Rxe4 42. Rxf6 Rxd4 43. Rxh6 Rd2+ 44. Kg1 Rd4 45. Rxh4 Kf6 46. Rg4
Kf5 47. h4 Rd7 48. Rg5+ Kf6 49. Kh2 Rd2 50. Kh3 Ra2 51. Rg8 Kf5 52. Rf8+ Ke5 53.
h5 Ra7 54. h6 1-0

[Event "Haarlem Masters 2016"]
[Site "Haarlem NED"]
[Date "2016.10.21"]
[Round "7.3"]
[White "Warmerdam, Max"]
[Black "Schippers, Maurice"]
[Result "0-1"]
[WhiteTitle "FM"]
[WhiteElo "2388"]
[BlackElo "2266"]
[WhiteFideId "1048104"]
[BlackFideId "1004735"]
[EventDate "2016.10.15"]

1. e4 c5 2. Nf3 e6 3. d4 cxd4 4. Nxd4 Nf6 5. Nc3 Nc6 6. Ndb5 Bc5 7. Bf4 O-O 8.
Bd6 Qb6 9. Bxc5 Qxc5 10. Qd2 d5 11. exd5 exd5 12. O-O-O Bf5 13. Na4 Qe7 14. Nd4
Bg6 15. f3 Rac8 16. Nc3 Rfd8 17. g4 a6 18. h4 b5 19. a3 h5 20. g5 Ne8 21. Bh3
Rc7 22. Rhe1 Qf8 23. Qf4 Nxd4 24. Rxd4 Rxc3 25. bxc3 Qxa3+ 26. Kd2 Nd6 27. Bf1
Qb2 28. Rc1 Rc8 29. c4 bxc4 30. Rxd5 Nb5 31. Qe5 Qa3 32. f4 Qf3 33. f5 c3+ 34.
Ke1 Bxf5 35. Qxf5 Re8+ 36. Re5 Qg3+ 37. Kd1 Rxe5 38. Qc8+ Kh7 39. Bd3+ g6 40.
Bxg6+ Kg7 0-1

[Event "Haarlem Masters 2016"]
[Site "Haarlem NED"]
[Date "2016.10.21"]
[Round "7.4"]
[White "Hopman, Pieter"]
[Black "Bosboom, Manuel"]
[Result "0-1"]
[WhiteTitle "FM"]
[BlackTitle "IM"]
[WhiteElo "2354"]
[BlackElo "2397"]
[WhiteFideId "1005669"]
[BlackFideId "1000080"]
[EventDate "2016.10.15"]

1. d4 Nf6 2. c4 d6 3. Nc3 Nbd7 4. e4 e5 5. Nf3 g6 6. Be2 Bg7 7. O-O O-O 8. Re1
exd4 9. Nxd4 Re8 10. Bf1 c6 11. Nc2 Nc5 12. f3 Nh5 13. g4 Nf6 14. Kh1 h5 15. g5
Nh7 16. Qd2 f6 17. gxf6 Qxf6 18. Qg2 Ne6 19. e5 dxe5 20. Ne4 Qe7 21. Qxg6 h4 22.
c5 Rf8 23. Bc4 Kh8 24. Rg1 Bd7 25. Bg5 Nexg5 26. Rxg5 Be8 27. Qxg7+ Qxg7 28.
Rxg7 Kxg7 29. Rg1+ Bg6 0-1

[Event "Haarlem Masters 2016"]
[Site "Haarlem NED"]
[Date "2016.10.21"]
[Round "7.5"]
[White "Warakomska, Anna"]
[Black "Umudova, Nargiz"]
[Result "1-0"]
[WhiteTitle "WIM"]
[BlackTitle "WGM"]
[WhiteElo "2365"]
[BlackElo "2267"]
[WhiteFideId "1130790"]
[BlackFideId "13402137"]
[EventDate "2016.10.15"]

1. d4 Nf6 2. Bg5 g6 3. Bxf6 exf6 4. e3 d5 5. c4 dxc4 6. Bxc4 Bd6 7. Nc3 c6 8.
Nf3 O-O 9. O-O f5 10. a4 Nd7 11. a5 Nf6 12. Qb3 Ne4 13. Rfd1 Qf6 14. Qc2 Re8 15.
Rdb1 Bd7 16. b4 Rac8 17. Na4 Rc7 18. Nc5 Bc8 19. g3 g5 20. Bd3 Rce7 21. Ne1 Bxc5
22. bxc5 f4 23. f3 Nxg3 24. hxg3 Rxe3 25. Rd1 fxg3 26. Be4 Qh6 27. Qg2 f5 28.
Nc2 Qh2+ 29. Qxh2 gxh2+ 30. Kh1 Rc3 31. Bd3 Be6 32. Kxh2 Bb3 33. Rd2 Rxd3 34.
Rxd3 Re2+ 35. Kg1 Bxc2 36. Rc3 Rd2 37. a6 bxa6 38. Rxa6 g4 39. Rxc6 Bd1 40. fxg4
fxg4 41. Rd6 Bf3 42. c6 Rd1+ 43. Kf2 Rd2+ 44. Kg3 Rg2+ 45. Kf4 Rf2 46. c7 1-0

[Event "Haarlem Masters 2016"]
[Site "Haarlem NED"]
[Date "2016.10.22"]
[Round "8.1"]
[White "Willemze, Thomas"]
[Black "L'Ami, Alina"]
[Result "1-0"]
[WhiteTitle "IM"]
[BlackTitle "IM"]
[WhiteElo "2401"]
[BlackElo "2322"]
[WhiteFideId "1007238"]
[BlackFideId "1210246"]
[EventDate "2016.10.15"]

1. e4 c5 2. Nf3 d6 3. Bb5+ Bd7 4. Bxd7+ Qxd7 5. c4 Nf6 6. Nc3 g6 7. d4 cxd4 8.
Nxd4 Bg7 9. f3 O-O 10. Be3 Nc6 11. O-O Rac8 12. b3 Qd8 13. Rc1 Qa5 14. Kh1 Rfe8
15. Rf2 Nxd4 16. Bxd4 Bh6 17. Bxf6 Bxc1 18. Nd5 exf6 19. Nxf6+ Kf8 20. Qxc1 Re6
21. Qh6+ Ke7 22. Nd5+ Kd7 23. g3 Qe1+ 24. Kg2 Qa1 25. Qxh7 Rf8 26. Qh6 Rh8 27.
Qd2 b6 28. h4 Qe5 29. Qb4 f5 30. Qa4+ Kd8 31. Qxa7 fxe4 32. f4 Qf5 33. Qxb6+ Kd7
34. Qb5+ Kd8 35. Qb8+ Kd7 36. Qxh8 e3 37. Re2 Qe4+ 38. Kh2 Qf3 39. Qg7+ Kd8 40.
Qg8+ Re8 41. Qxe8+ Kxe8 42. Rxe3+ 1-0

[Event "Haarlem Masters 2016"]
[Site "Haarlem NED"]
[Date "2016.10.22"]
[Round "8.2"]
[White "De Jager, Jaap"]
[Black "Warakomska, Anna"]
[Result "1/2-1/2"]
[WhiteTitle "FM"]
[BlackTitle "WIM"]
[WhiteElo "2417"]
[BlackElo "2365"]
[WhiteFideId "1002830"]
[BlackFideId "1130790"]
[EventDate "2016.10.15"]

1. Nf3 d5 2. c4 c6 3. e3 Nf6 4. Nc3 e6 5. b3 Bd6 6. Qc2 O-O 7. Bb2 e5 8. cxd5
cxd5 9. Nb5 Nc6 10. Nxd6 Qxd6 11. d4 Nb4 12. Qc1 e4 13. Ne5 Be6 14. a3 Rfc8 15.
Bc3 Qc7 16. Kd2 Nc6 17. Nxc6 Qxc6 18. h3 Ne8 19. Be2 a5 20. Qb2 Nd6 21. Rhc1 Qb6
22. a4 Rc6 23. Qa3 Rac8 24. Bb2 Qd8 25. Rxc6 Rxc6 26. Rc1 Rxc1 27. Bxc1 b6 28.
Qa2 Qg5 29. Bf1 Nf5 30. Qc2 Nxd4 31. Qc7 h6 32. Qxb6 Nf5 33. Qxa5 Nh4 34. Qb6
Qf6 35. Ke1 Qc3+ 36. Bd2 Qa1+ 37. Ke2 Nf5 38. Qc7 d4 39. Qc1 d3+ 40. Ke1 Qa2 41.
a5 Qxb3 42. Qa1 Bc4 43. Qc3 Qb1+ 44. Qc1 Qb5 45. f3 Ng3 46. Kf2 Nxf1 47. Kxf1
exf3 48. gxf3 Be6 49. Kg2 Qf5 50. Qh1 Qg5+ 51. Kh2 Bd5 52. Qf1 Qe5+ 53. Kg2 Qg5+
54. Kh2 Qe5+ 1/2-1/2

[Event "Haarlem Masters 2016"]
[Site "Haarlem NED"]
[Date "2016.10.22"]
[Round "8.3"]
[White "Bosboom, Manuel"]
[Black "Umudova, Nargiz"]
[Result "1/2-1/2"]
[WhiteTitle "IM"]
[BlackTitle "WGM"]
[WhiteElo "2397"]
[BlackElo "2267"]
[WhiteFideId "1000080"]
[BlackFideId "13402137"]
[EventDate "2016.10.15"]

1. c4 e5 2. b3 Nc6 3. Bb2 g6 4. g3 Bg7 5. Bg2 d6 6. Nc3 f5 7. e3 Nf6 8. Nge2 O-O
9. O-O Be6 10. d4 Bf7 11. Qd2 e4 12. f3 exf3 13. Bxf3 d5 14. cxd5 Nxd5 15. Rad1
Re8 16. Bxd5 Bxd5 17. Nf4 Bf7 18. d5 Ne5 19. e4 g5 20. Ne6 Bxe6 21. dxe6 Qxd2
22. Rxd2 fxe4 23. Nxe4 Rxe6 24. Nxg5 1/2-1/2

[Event "Haarlem Masters 2016"]
[Site "Haarlem NED"]
[Date "2016.10.22"]
[Round "8.4"]
[White "Schippers, Maurice"]
[Black "Lopez, Jasel"]
[Result "1/2-1/2"]
[BlackTitle "FM"]
[WhiteElo "2266"]
[BlackElo "2233"]
[WhiteFideId "1004735"]
[BlackFideId "15900045"]
[EventDate "2016.10.15"]

1. e4 e6 2. d4 d5 3. Nd2 Nc6 4. Ngf3 Nf6 5. e5 Nd7 6. c3 f6 7. Bb5 fxe5 8. dxe5
Be7 9. Nd4 Nxd4 10. cxd4 O-O 11. Bd3 Qe8 12. O-O c5 13. f4 cxd4 14. Nb3 Nb8 15.
Nxd4 Bd7 16. Be3 Nc6 17. Rc1 Rc8 18. Nxc6 Rxc6 19. Qb3 Rxc1 20. Rxc1 Bc6 21. Qc2
Qh5 22. Rf1 a5 23. Rf3 g6 24. Bd4 Qh6 25. a3 Rxf4 26. Be3 Bg5 27. Bxf4 Bxf4 28.
g3 Bxe5 29. b4 axb4 30. axb4 Bd6 31. b5 Bd7 32. Qa2 Qc1+ 33. Kg2 Kg7 34. Qf2 Bc5
35. Rf7+ Kg8 36. Qf6 Qd2+ 37. Kh3 Qh6+ 38. Kg2 Qd2+ 39. Kh3 Qh6+ 40. Kg2 1/2-1/2

[Event "Haarlem Masters 2016"]
[Site "Haarlem NED"]
[Date "2016.10.22"]
[Round "8.5"]
[White "Hopman, Pieter"]
[Black "Warmerdam, Max"]
[Result "1-0"]
[WhiteTitle "FM"]
[BlackTitle "FM"]
[WhiteElo "2354"]
[BlackElo "2388"]
[WhiteFideId "1005669"]
[BlackFideId "1048104"]
[EventDate "2016.10.15"]

1. d4 Nf6 2. Nf3 g6 3. Bf4 Bg7 4. e3 O-O 5. h3 d6 6. c3 b6 7. Nbd2 c5 8. Be2 Bb7
9. O-O Nbd7 10. a4 a6 11. Bh2 Ra7 12. Qb3 Qa8 13. Rfd1 Ne4 14. Nxe4 Bxe4 15. d5
Nf6 16. c4 b5 17. axb5 axb5 18. Rxa7 Qxa7 19. cxb5 Qb7 20. Bc4 Rb8 21. Ne1 Bf5
22. Ra1 Be4 23. Rd1 Bf5 24. Ra1 Bd7 25. Ra5 Ne8 26. Nd3 Nc7 27. Bf4 Qb6 28. Qa4
Bf6 29. e4 Bxb5 30. Bxb5 Nxb5 31. e5 Bg7 32. Kh2 c4 33. Be3 Nd4 34. Ra8 cxd3 35.
Qe8+ Rxe8 36. Rxe8+ Bf8 37. Bh6 Nf3+ 38. Kh1 1-0

[Event "Haarlem Masters 2016"]
[Site "Haarlem NED"]
[Date "2016.10.23"]
[Round "9.1"]
[White "Warmerdam, Max"]
[Black "Bosboom, Manuel"]
[Result "0-1"]
[WhiteTitle "FM"]
[BlackTitle "IM"]
[WhiteElo "2388"]
[BlackElo "2397"]
[WhiteFideId "1048104"]
[BlackFideId "1000080"]
[EventDate "2016.10.15"]

1. e4 g6 2. d4 Bg7 3. Nc3 c6 4. Nf3 b5 5. Bd3 d6 6. Be3 Nd7 7. Qd2 a6 8. a4 Bb7
9. O-O Qc7 10. Rfe1 b4 11. Ne2 c5 12. Ng3 e5 13. c3 bxc3 14. bxc3 Ngf6 15. Bh6
O-O 16. dxe5 dxe5 17. Rad1 c4 18. Bf1 Qc5 19. Bxg7 Kxg7 20. Qg5 Kh8 21. Rd2 Bc6
22. Red1 Ra7 23. Rd6 Ng8 24. Qh4 f6 25. a5 Rf7 26. Qg4 Rc7 27. R1d2 Nf8 28. Rd8
Rfd7 29. R8xd7 Bxd7 30. Qh4 Be6 31. h3 Qxa5 32. Rd6 Qa3 33. Rd8 Qe7 34. Ra8 Ra7
35. Rb8 a5 36. Nxe5 g5 37. Qh5 fxe5 38. Nf5 Bxf5 39. exf5 a4 40. Bxc4 a3 41. Ba2
Qf6 42. h4 gxh4 43. Qe8 Kg7 44. Rb4 Nh6 45. Qh5 Nxf5 46. Bb1 a2 47. Bxa2 Rxa2
48. Rb7+ Ne7 0-1

[Event "Haarlem Masters 2016"]
[Site "Haarlem NED"]
[Date "2016.10.23"]
[Round "9.2"]
[White "Lopez, Jasel"]
[Black "Hopman, Pieter"]
[Result "1/2-1/2"]
[WhiteTitle "FM"]
[BlackTitle "FM"]
[WhiteElo "2233"]
[BlackElo "2354"]
[WhiteFideId "15900045"]
[BlackFideId "1005669"]
[EventDate "2016.10.15"]

1. d4 Nf6 2. c4 e6 3. Nc3 Bb4 4. Nf3 c5 5. g3 O-O 6. Bg2 Nc6 7. O-O d6 8. d5
exd5 9. cxd5 Ne7 10. Bg5 Bxc3 11. bxc3 Nexd5 12. c4 Nb6 13. Rc1 Re8 14. Qd3 h6
15. Be3 Be6 16. Rfd1 Rc8 17. Nd2 Qe7 18. Ne4 Nxe4 19. Qxe4 Rc7 20. Rc3 Rd8 21.
Qc2 Nd7 22. Bf4 Nf6 23. Qa4 Rcd7 24. e4 Ng4 25. h3 Ne5 26. Be3 f6 27. f4 Nc6 28.
Qc2 Na5 29. Bf1 Bf7 30. Bd2 Nc6 31. Re3 Kh8 32. Bc3 d5 33. cxd5 Bxd5 34. e5 fxe5
35. Bxe5 Bg8 36. Rxd7 Qxd7 37. Qxc5 Nxe5 38. fxe5 Qf5 39. Re1 Rd2 40. Qxa7 Bd5
41. Qe3 Rxa2 42. Rd1 Qf7 43. Rd2 1/2-1/2